Riconosci lo Stato - Quiz n°122 - Statistics

Statistiche generali
  • Questo quiz è stato fatto 27 volte
  • Il punteggio medio è 11 su 13
Statistiche sulle risposte
Indizio Risposta % Corretto
Iniziale della Capitale D
96%
Valuta Franco CFA
96%
Presidente della Repubblica Macky Sall Bassirou Diomaye Faye (eletto)
91%
Popolazione 16 636 330 ab.
87%
Indipendenza dalla Francia, 4 aprile 1960
87%
Forma di Governo Repubblica presidenziale
87%
Primo ministro Sidiki Kaba
87%
Fuso Orario UTC+0
87%
PIL (nominale) 14 082 milioni di $
83%
Superficie 196 722 km²
83%
ISU 0,511
78%
Tasso di crescita 7%
78%
Risposta Senegal
78%
Nessun quiz corrispondente trovato
Distribuzione punteggi
Percentuale di utenti per punteggio
Percentile per numero di risposta
I tuoi punteggi nel tempo
Non hai fatto questo quiz